00450nam a2200145Ia 4500008004100000082001200041082000800053245009900061245000800160260000800168300000900176942000800185999001900193952009200212231017s9999 xx 000 0 und d a620.136 bTRB 0aTransportation Research Circular No. E-C107: Control of Cracking in Concrete: State of the Art 0cTRB bTRB c30cm cREP c603949d603949 00104070aNITbNITd2023-10-17l0o620.136 TRBpNIT-3385r2023-10-17w2023-10-17yREP